000 00691nam a22002057a 4500
005 20251108173139.0
008 250721s9999 xx 000 0 ara d
020 _a9953721092
082 1 4 _a649.1/ رزق
100 1 _aرزق، هيام
245 1 0 _aدليل الطفل من عمر يوم إلى 3 سنوات /
264 1 _aبيروت :
_bدار القلم للطباعة و النشر و التوزيع،
_c(200-).
300 _a97ص
490 0 _aالسلسلة الطبية : الدليل الصحي للأسرة
_v11
650 1 7 _aرعاية الطفولة
650 1 7 _aالصحة العامة
650 1 7 _aأمراض الأطفال
942 _2ddc
_cBK
999 _c97130
_d97130